| 000 | 02180cam a22005654i 4500 | ||
|---|---|---|---|
| 003 | PE-LiUPU | ||
| 005 | 20250731180126.0 | ||
| 008 | 150625s1988 mx a r 000 0 spa d | ||
| 020 | _a9684519192 | ||
| 020 | _a9789684519190 | ||
| 035 | _a(Sirsi) a30607 | ||
| 040 |
_aPE-LiUPU _bspa _cPE-LiUPU _erda |
||
| 049 | _aPRUA | ||
| 082 | 0 | 4 |
_a512.13 _bB23 _221 |
| 100 | 1 |
_aBarnett, Raymond A., _eautor. |
|
| 245 | 1 | 0 |
_aÁlgebra y Trigonometría / _cRaymond A. Barnett. |
| 250 | _aSegunda edición. | ||
| 264 | 1 |
_aMéxico : _bMcGraw-Hill, _c1988. |
|
| 300 |
_a682 páginas : _bilustraciones ; _c26 centímetros |
||
| 336 |
_atext _2rdacontent |
||
| 337 |
_aunmediated _2rdamedia |
||
| 338 |
_avolume _2rdacarrier |
||
| 504 | _aÍndice: páginas I-1-I-5. | ||
| 505 | 0 | _aOperaciones básicas algebraicas: repaso -- Ecuaciones desigualdades -- Gráficas y funciones -- Funciones polinomiales y teoría de ecuaciones -- Funciones exponenciales y logarítmicas -- Funciones trigonométricas -- Identidades trigonométricas y ecuaciones condicionales -- Temas adicionales de trigonometría -- Sistemas de ecuaciones y desigualdades -- Matrices y determinantes -- Sucesiones y series -- Introducción a la probabilidad. | |
| 526 | _aSEG44 | ||
| 526 | _aSEG26 | ||
| 526 | _aP159 | ||
| 526 | _aP155 | ||
| 526 | _aP154 | ||
| 526 | _aP153 | ||
| 526 | _aP150 | ||
| 526 | _aP100 | ||
| 526 | _aP31 | ||
| 526 | _aP30 | ||
| 526 | _aP26 | ||
| 526 | _aP25 | ||
| 526 | _aP24 | ||
| 526 | _aP22 | ||
| 526 | _aP15 | ||
| 526 | _aP10 | ||
| 650 | 1 | 4 |
_aÁlgebra. _920 |
| 650 | 2 | 4 | _aTrigonometría. |
| 910 |
_adbm _bncf _cncf _d20190429 |
||
| 942 |
_2ddc _cBOOK |
||
| 949 |
_a512.13 B.23 _wDEWEY _c1 _i35361 _lCCODEBUL1 _mBUL _p00.00 _r0 _sY _tBOOK _u2015-06-25 _xBIBLIOTECA _zUNKNOWN _0COMPRA _o.STAFF. Colección Ingeniería y Arquitectura |
||
| 994 |
_aC0 _bPEPRU |
||
| 596 | _a1 | ||
| 999 |
_a512.13 B23 _wDEWEY _c38070 _i35361 _d38070 _e2019-9-16 _f2021-11-5 _g8 _lCCODEBUL1 _mBUL _n14 _p28.50 _q2 _r0 _sY _tBOOK _u2015-6-25 _xBIBLIOTECA _PP25 _0COMPRA _o.STAFF. Colección Ingeniería y Arquitectura |
||
| 980 |
_81 _gALBERTO SANCHEZ Responsable de Automatización |
||